[Event "Gashimov Memorial 2019"]
[Site "Shamkir AZE"]
[Date "2019.04.01"]
[Round "2"]
[White "Giri, Anish"]
[Black "Karjakin, Sergey"]
[Result "0-1"]
[WhiteElo "2797"]
[BlackElo "2753"]
[PlyCount "68"]
[EventDate "2019.03.31"]

1. e4 e5 2. Nf3 Nc6 3. Bc4 Bc5 4. c3 Nf6 5. d3 d6 6. O-O a6 7. a4 h6 8. Re1 O-O
9. h3 a5 10. d4 Ba7 11. Bb3 Re8 12. Bc2 Bd7 13. Na3 Qc8 14. Nb5 Bb6 15. Bb1
exd4 16. cxd4 Nb4 17. Ra3 Re7 18. e5 dxe5 19. dxe5 Nfd5 20. Nh4 Qe8 21. Qe2 Nc6
22. Nf3 Rd8 23. Kh2 f5 24. g4 fxg4 25. Qd3 g6 26. Qxd5+ Be6 27. Qe4 gxf3 28.
Rg1 Bf7 29. Ba2 Bxa2 30. Rxg6+ Qxg6 31. Qxg6+ Rg7 32. Qxg7+ Kxg7 33. Rxa2 Rd1
34. Ra1 Kf7 0-1

[Event "Gashimov Memorial 2019"]
[Site "Shamkir AZE"]
[Date "2019.04.01"]
[Round "2"]
[White "Topalov, Veselin"]
[Black "Navara, David"]
[Result "1/2-1/2"]
[WhiteElo "2740"]
[BlackElo "2739"]
[PlyCount "109"]
[EventDate "2019.03.31"]

1. e4 c6 2. d4 d5 3. e5 c5 4. dxc5 e6 5. a3 Bxc5 6. Qg4 Ne7 7. Nf3 Qb6 8. Bd3
Nbc6 9. O-O Ng6 10. Nc3 Qc7 11. Re1 O-O 12. Qh5 Bd7 13. b4 Be7 14. Bd2 f5 15.
exf6 Bxf6 16. Rac1 Nd4 17. Nxd4 Bxd4 18. Nd1 Qb6 19. Be3 e5 20. c3 Bxe3 21.
Nxe3 Rae8 22. Bb1 d4 23. cxd4 exd4 24. Nc4 Qf6 25. f3 Rxe1+ 26. Rxe1 Bf5 27.
Bxf5 Qxf5 28. Qxf5 Rxf5 29. Re8+ Rf8 30. Rxf8+ Kxf8 31. Nd6 Nf4 32. Kf2 d3 33.
Ke3 Nxg2+ 34. Kxd3 Ne1+ 35. Ke4 Nc2 36. Nxb7 Nxa3 37. Nd8 Nc2 38. Nc6 a6 39.
Kd3 Ne1+ 40. Ke2 Nc2 41. Kd2 Na3 42. Kd3 Nb5 43. Nb8 Nc7 44. Ke4 Ke7 45. Ke5
Kd8 46. h4 g6 47. f4 Ke7 48. Nc6+ Kd7 49. Nd4 Ke7 50. Nc2 Ne8 51. Ne3 Nf6 52.
f5 Kf7 53. Nc4 gxf5 54. Kxf5 Nd5 55. b5 1/2-1/2

[Event "Gashimov Memorial 2019"]
[Site "Shamkir AZE"]
[Date "2019.04.02"]
[Round "3"]
[White "Grischuk, Alexander"]
[Black "Giri, Anish"]
[Result "1/2-1/2"]
[WhiteElo "2771"]
[BlackElo "2797"]
[PlyCount "43"]
[EventDate "2019.03.31"]

1. d4 Nf6 2. c4 e6 3. Nf3 d5 4. Nc3 Bb4 5. Bg5 h6 6. Bxf6 Qxf6 7. e3 O-O 8. a3
Bxc3+ 9. bxc3 c5 10. g4 cxd4 11. cxd4 dxc4 12. Bxc4 b6 13. g5 hxg5 14. Rg1 Ba6
15. Bxa6 Nxa6 16. Nxg5 Qf5 17. e4 Qa5+ 18. Kf1 Qb5+ 19. Ke1 Qa5+ 20. Kf1 Qb5+
21. Ke1 Qa5+ 22. Kf1 1/2-1/2

[Event "Gashimov Memorial 2019"]
[Site "Shamkir AZE"]
[Date "2019.04.02"]
[Round "3"]
[White "Karjakin, Sergey"]
[Black "Topalov, Veselin"]
[Result "1/2-1/2"]
[WhiteElo "2753"]
[BlackElo "2740"]
[PlyCount "64"]
[EventDate "2019.03.31"]

1. e4 e5 2. Nf3 Nc6 3. Bc4 Bc5 4. c3 Nf6 5. d4 exd4 6. e5 d5 7. Bb5 Ne4 8. cxd4
Bb6 9. Nc3 O-O 10. Be3 Ba5 11. Qb3 Bxc3+ 12. bxc3 Na5 13. Qb4 b6 14. O-O Bf5
15. Rfc1 Rc8 16. Ba6 Rb8 17. Bd3 Re8 18. h3 c6 19. Bf4 Rb7 20. Qb2 b5 21. Qe2
Nc4 22. Ng5 Nxg5 23. Bxf5 Ne6 24. Bg3 b4 25. Qg4 Qb8 26. h4 a5 27. h5 Qa7 28.
Rab1 Nd2 29. Rb2 Nc4 30. Rb3 Nd2 31. Rb2 Nc4 32. Rb3 Nd2 1/2-1/2

[Event "Gashimov Memorial 2019"]
[Site "Shamkir AZE"]
[Date "2019.04.02"]
[Round "3"]
[White "Navara, David"]
[Black "Carlsen, Magnus"]
[Result "0-1"]
[WhiteElo "2739"]
[BlackElo "2845"]
[PlyCount "116"]
[EventDate "2019.03.31"]

1. e4 c5 2. Nf3 Nc6 3. d4 cxd4 4. Nxd4 Nf6 5. Nc3 e5 6. Ndb5 d6 7. Nd5 Nxd5 8.
exd5 Nb8 9. a4 Be7 10. Be2 O-O 11. O-O Nd7 12. Kh1 a6 13. Na3 a5 14. f4 f5 15.
Nc4 b6 16. Ra3 exf4 17. Bxf4 Nc5 18. Re3 g5 19. Rxe7 gxf4 20. Re6 Nxe6 21. dxe6
Bxe6 22. Rxf4 Bxc4 23. Bxc4+ Kh8 24. g4 Qf6 25. c3 Qe5 26. Qf1 Rae8 27. gxf5
Rf6 28. Qf2 Qc5 29. Kg2 Qc6+ 30. Kh3 Qc5 31. Kg2 Qxf2+ 32. Rxf2 Re4 33. Be6
Rxa4 34. Kf3 Kg7 35. Rd2 Kh6 36. Rxd6 Kg5 37. Rd8 Rh6 38. Rg8+ Kf6 39. Rb8 Rxh2
40. Rxb6 Kg5 41. f6 Rf4+ 42. Kg3 Rhf2 43. Rb5+ Kxf6 44. Bg4 a4 45. c4 Kg6 46.
c5 a3 47. bxa3 h5 48. Rb4 Rf8 49. Bd1 Rd2 50. Bf3 Rd3 51. Rf4 h4+ 52. Kg4 Rxf4+
53. Kxf4 Rxa3 54. c6 Rc3 55. Bd5 h3 56. Ke5 Rc5 57. Kd6 Rxd5+ 58. Kxd5 h2 0-1

[Event "Gashimov Memorial 2019"]
[Site "Shamkir AZE"]
[Date "2019.04.02"]
[Round "3"]
[White "Radjabov, Teimour"]
[Black "Ding, Liren"]
[Result "1/2-1/2"]
[WhiteElo "2756"]
[BlackElo "2812"]
[PlyCount "86"]
[EventDate "2019.03.31"]

1. e4 e5 2. Nf3 Nc6 3. Bb5 a6 4. Ba4 Nf6 5. O-O Be7 6. Re1 b5 7. Bb3 O-O 8. c3
d5 9. exd5 Nxd5 10. Nxe5 Nxe5 11. Rxe5 c6 12. d3 Bd6 13. Re1 Bf5 14. Qf3 Qh4
15. g3 Qh3 16. Nd2 Rae8 17. Ne4 Bg4 18. Qg2 Qxg2+ 19. Kxg2 f5 20. h3 Bh5 21.
Bf4 Bxf4 22. gxf4 fxe4 23. dxe4 Bf3+ 24. Kxf3 Rxf4+ 25. Kg3 Rfxe4 26. Rxe4 Rxe4
27. f3 Re2 28. c4 bxc4 29. Bxc4 Rxb2 30. Bxa6 g5 31. Bc4 Kg7 32. Bxd5 cxd5 33.
a4 h5 34. h4 Kg6 35. a5 Rb7 36. a6 Ra7 37. hxg5 Kxg5 38. Ra5 h4+ 39. Kh3 Kf4
40. Rxd5 Rxa6 41. Kxh4 Rh6+ 42. Rh5 Rxh5+ 43. Kxh5 Kxf3 1/2-1/2

[Event "Gashimov Memorial 2019"]
[Site "Shamkir AZE"]
[Date "2019.04.03"]
[Round "4"]
[White "Mamedyarov, Shakhriyar"]
[Black "Navara, David"]
[Result "1/2-1/2"]
[WhiteElo "2790"]
[BlackElo "2739"]
[PlyCount "170"]
[EventDate "2019.03.31"]

1. d4 Nf6 2. c4 e6 3. Nc3 Bb4 4. Nf3 d5 5. Bg5 h6 6. Bh4 dxc4 7. a3 Bxc3+ 8.
bxc3 Nbd7 9. e3 b5 10. a4 c6 11. Qb1 Qa5 12. Qb2 Ne4 13. axb5 Qxb5 14. Qc1 c5
15. Be2 O-O 16. O-O Bb7 17. Rb1 Qc6 18. Bxc4 cxd4 19. Bb5 Qc7 20. cxd4 Rfc8 21.
Qb2 Nb6 22. Rfc1 Qd6 23. Ne5 g5 24. f3 gxh4 25. fxe4 Bxe4 26. Qf2 Qe7 27. Ra1
Rxc1+ 28. Rxc1 Nd5 29. Bd3 Bxd3 30. Nxd3 Qf6 31. Qxf6 Nxf6 32. Kf2 a5 33. Ra1
a4 34. Ra3 Ne4+ 35. Ke1 Rb8 36. Nc5 Rb1+ 37. Ke2 Rb2+ 38. Kd3 Nf6 39. Rxa4 Rxg2
40. d5 Rg5 41. Ne4 Rxd5+ 42. Ke2 Nxe4 43. Rxe4 h3 44. Rh4 Kg7 45. Rxh3 Kg6 46.
Rh4 Rh5 47. Rg4+ Rg5 48. Rh4 Rf5 49. Rg4+ Kh5 50. Ra4 Kg5 51. Rb4 Kg6 52. Rg4+
Rg5 53. Rh4 Rh5 54. Rg4+ Kf6 55. Rf4+ Ke7 56. h4 Re5 57. Ra4 f5 58. Kf3 Kf6 59.
Rb4 Kg6 60. Kf4 Ra5 61. Kf3 Kh5 62. e4 Ra3+ 63. Kf2 f4 64. Rb6 Kg4 65. Rxe6
Ra2+ 66. Kg1 Kf3 67. Rxh6 Ke3 68. e5 f3 69. e6 Rg2+ 70. Kh1 Rg7 71. Kh2 f2 72.
Rf6 Ke2 73. Kh3 f1=R 74. Rxf1 Kxf1 75. h5 Kf2 76. Kh4 Kf3 77. h6 Rg1 78. Kh5
Kf4 79. h7 Kf5 80. Kh6 Rg6+ 81. Kh5 Rg2 82. Kh6 Kxe6 83. h8=Q Rh2+ 84. Kg7 Rxh8
85. Kxh8 Ke5 1/2-1/2

[Event "Gashimov Memorial 2019"]
[Site "Shamkir AZE"]
[Date "2019.04.03"]
[Round "4"]
[White "Ding, Liren"]
[Black "Anand, Viswanathan"]
[Result "1/2-1/2"]
[WhiteElo "2812"]
[BlackElo "2779"]
[PlyCount "67"]
[EventDate "2019.03.31"]

1. d4 Nf6 2. c4 e6 3. Nf3 d5 4. Nc3 Be7 5. cxd5 exd5 6. Qc2 c6 7. e3 Nbd7 8.
Bd3 O-O 9. g4 Bb4 10. Bd2 Qe7 11. Rg1 Bxc3 12. Bxc3 Ne4 13. g5 a5 14. a4 Re8
15. h4 b6 16. h5 Ba6 17. Bxe4 dxe4 18. Nh4 Qe6 19. Rg3 Bd3 20. Qd1 b5 21. axb5
cxb5 22. Ng2 b4 23. Nf4 Qf5 24. Bd2 Nb6 25. g6 fxg6 26. hxg6 h6 27. Qg4 Qxg4
28. Rxg4 Nc4 29. Nxd3 exd3 30. d5 Ne5 31. Rg3 Nc4 32. Rg4 Ne5 33. Rg3 Nc4 34.
Rg4 1/2-1/2

[Event "Gashimov Memorial 2019"]
[Site "Shamkir AZE"]
[Date "2019.04.03"]
[Round "4"]
[White "Topalov, Veselin"]
[Black "Carlsen, Magnus"]
[Result "1/2-1/2"]
[WhiteElo "2740"]
[BlackElo "2845"]
[PlyCount "71"]
[EventDate "2019.03.31"]

1. d4 Nf6 2. c4 e6 3. Nc3 Bb4 4. Nf3 d5 5. cxd5 exd5 6. Bg5 h6 7. Bh4 O-O 8. e3
Bf5 9. Ne5 c5 10. Bd3 cxd4 11. exd4 Bxd3 12. Qxd3 Qd6 13. Bxf6 Qxf6 14. O-O
Bxc3 15. Qxc3 Re8 16. Rac1 Nc6 17. Nxc6 Qxc6 18. Qxc6 bxc6 19. Rxc6 Re2 20. Ra6
Rxb2 21. g3 Re8 22. Rxa7 Ree2 23. Ra5 Rxa2 24. Rxd5 Red2 25. h4 Ra4 26. Kg2
Raxd4 27. Rxd4 Rxd4 28. Kf3 h5 29. Kg2 g6 30. Kf3 Kg7 31. Kg2 Rd5 32. Kf3 Rf5+
33. Kg2 Rd5 34. Kf3 Rf5+ 35. Kg2 Rd5 36. Kf3 1/2-1/2

[Event "Gashimov Memorial 2019"]
[Site "Shamkir AZE"]
[Date "2019.04.03"]
[Round "4"]
[White "Karjakin, Sergey"]
[Black "Grischuk, Alexander"]
[Result "1/2-1/2"]
[WhiteElo "2753"]
[BlackElo "2771"]
[PlyCount "64"]
[EventDate "2019.03.31"]

1. Nf3 d5 2. g3 g6 3. Bg2 Bg7 4. d4 Nf6 5. c4 c6 6. cxd5 cxd5 7. Ne5 Ne4 8. Nc3
Nxc3 9. bxc3 O-O 10. O-O Nc6 11. Nxc6 bxc6 12. Qa4 Qb6 13. e4 Qa6 14. Qb4 dxe4
15. Bxe4 e5 16. dxe5 Bxe5 17. Be3 Be6 18. Qc5 Bg7 19. Rfd1 Rad8 20. Rxd8 Rxd8
21. h4 Qc4 22. Qxc4 Bxc4 23. Bxa7 Bxc3 24. Rc1 Bd4 25. Bxd4 Rxd4 26. Bxc6 Bxa2
27. Kg2 Bd5+ 28. Bxd5 Rxd5 29. Rh1 h5 30. Rg1 Kg7 31. Rh1 Kg8 32. Rg1 Kg7
1/2-1/2

[Event "Gashimov Memorial 2019"]
[Site "Shamkir AZE"]
[Date "2019.04.03"]
[Round "4"]
[White "Giri, Anish"]
[Black "Radjabov, Teimour"]
[Result "1/2-1/2"]
[WhiteElo "2797"]
[BlackElo "2756"]
[PlyCount "80"]
[EventDate "2019.03.31"]

1. d4 Nf6 2. c4 e6 3. Nf3 d5 4. Nc3 Be7 5. Bf4 O-O 6. e3 Nbd7 7. c5 Nh5 8. Bd3
Nxf4 9. exf4 b6 10. b4 a5 11. a3 c6 12. O-O Qc7 13. g3 Ba6 14. Kg2 Bxd3 15.
Qxd3 Ra7 16. Rfc1 Rfa8 17. Qd1 b5 18. Rab1 axb4 19. axb4 Ra3 20. Rb3 R3a7 21.
Qe2 Bf6 22. h4 h5 23. Rc2 g6 24. Ra2 Rxa2 25. Nxa2 Qa7 26. Rb2 Qa3 27. Qd2 Qa6
28. Nc1 Qb7 29. Nd3 Ra7 30. Nde5 Qa8 31. Qe3 Kg7 32. Rb3 Kg8 33. Ng5 Nxe5 34.
fxe5 Bxg5 35. Qxg5 Ra3 36. Rxa3 Qxa3 37. Qd8+ Kg7 38. Qf6+ Kg8 39. Qd8+ Kg7 40.
Qf6+ Kg8 1/2-1/2

[Event "Gashimov Memorial 2019"]
[Site "Shamkir AZE"]
[Date "2019.04.04"]
[Round "5"]
[White "Grischuk, Alexander"]
[Black "Topalov, Veselin"]
[Result "1-0"]
[WhiteElo "2771"]
[BlackElo "2740"]
[PlyCount "137"]
[EventDate "2019.03.31"]

1. d4 Nf6 2. c4 e6 3. Nf3 d5 4. Nc3 Be7 5. Bf4 O-O 6. e3 Nbd7 7. Be2 dxc4 8.
O-O c5 9. dxc5 Nxc5 10. Bxc4 b6 11. Qc2 Bb7 12. Rfd1 Qc8 13. Nb5 a6 14. Nd6
Bxd6 15. Bxd6 Rd8 16. Rac1 Nce4 17. Bb4 Rxd1+ 18. Qxd1 Qe8 19. Be2 Rd8 20. Qb3
Bd5 21. Qa3 a5 22. Be1 h6 23. Ne5 Rc8 24. b3 Rxc1 25. Qxc1 Qb8 26. Qb2 Nc5 27.
f3 Nfd7 28. Bg3 Qc8 29. Nc4 Bxc4 30. Bxc4 Qc6 31. Qe2 f6 32. Bb5 Qd5 33. Bc4
Qc6 34. Qb2 Kf7 35. h3 Nb7 36. Qd4 Ke7 37. Qg4 Kf7 38. Kh2 Ndc5 39. a3 g6 40.
b4 axb4 41. axb4 h5 42. Qf4 Nd7 43. Ba6 Nd8 44. Qh6 Nf8 45. Bd3 f5 46. e4 Qd7
47. Qe3 Qc6 48. Qd4 Qd7 49. Qc3 g5 50. exf5 exf5 51. Bc4+ Nde6 52. Qh8 Kg6 53.
Be5 Qe7 54. Qg8+ Ng7 55. Qd5 Qd7 56. Bd6 Nfe6 57. Qe5 h4 58. Bb5 Qc8 59. Qd5
Qc3 60. Be8+ Kh7 61. Bd7 Qe1 62. Be5 f4 63. Qd3+ Kh6 64. Bc3 Qe3 65. Qc4 Kg6
66. Bc6 Kf7 67. Bd5 Ne8 68. Bd4 b5 69. Qc6 1-0

[Event "Gashimov Memorial 2019"]
[Site "Shamkir AZE"]
[Date "2019.04.04"]
[Round "5"]
[White "Radjabov, Teimour"]
[Black "Karjakin, Sergey"]
[Result "1/2-1/2"]
[WhiteElo "2756"]
[BlackElo "2753"]
[PlyCount "81"]
[EventDate "2019.03.31"]

1. Nf3 Nf6 2. c4 e6 3. g3 d5 4. Bg2 Be7 5. d4 O-O 6. O-O dxc4 7. Qc2 c6 8. Qxc4
b5 9. Qc2 Bb7 10. Bg5 Nbd7 11. Ne5 Nxe5 12. dxe5 Nd7 13. Bxe7 Qxe7 14. f4 f6
15. exf6 Nxf6 16. Nd2 e5 17. e3 exf4 18. exf4 Rae8 19. Rac1 Qe3+ 20. Kh1 Qb6
21. b4 Nd5 22. Nf3 Nxb4 23. Qb3+ Nd5 24. Ne5 Rd8 25. a4 bxa4 26. Qxa4 c5 27.
Rb1 Qa6 28. Qxa6 Bxa6 29. Rfc1 Ne3 30. Ra1 Nxg2 31. Rxa6 Rd2 32. Nc4 Re2 33.
Kg1 Ne3 34. Re6 Rg2+ 35. Kh1 Rc2 36. Rxc2 Nxc2 37. Ra6 Ra8 38. Kg2 Nd4 39. Ra5
Re8 40. Rxa7 Re2+ 41. Kh3 1/2-1/2

[Event "Gashimov Memorial 2019"]
[Site "Shamkir AZE"]
[Date "2019.04.04"]
[Round "5"]
[White "Carlsen, Magnus"]
[Black "Mamedyarov, Shakhriyar"]
[Result "1/2-1/2"]
[WhiteElo "2845"]
[BlackElo "2790"]
[PlyCount "74"]
[EventDate "2019.03.31"]

1. c4 e6 2. Nc3 d5 3. d4 c5 4. e3 Nf6 5. Nf3 a6 6. cxd5 exd5 7. g3 Nc6 8. Bg2
c4 9. Ne5 Bb4 10. Bd2 O-O 11. O-O Re8 12. Nxc6 bxc6 13. b3 a5 14. Qc2 cxb3 15.
axb3 g6 16. Rfc1 Bf5 17. Qd1 Qd6 18. Ra2 h5 19. Na4 h4 20. Nc5 Kg7 21. Bxb4
axb4 22. Rxa8 Rxa8 23. Ra1 Rh8 24. Qe1 hxg3 25. hxg3 Ne4 26. Nxe4 Bxe4 27. Bxe4
dxe4 28. Ra5 Rh5 29. Rxh5 gxh5 30. Kg2 c5 31. dxc5 Qxc5 32. Qd1 Qc3 33. Qd5 Kf6
34. Qd6+ Kg7 35. Qd5 Kf6 36. Qd6+ Kg7 37. Qd5 Kf6 1/2-1/2

[Event "Gashimov Memorial 2019"]
[Site "Shamkir AZE"]
[Date "2019.04.04"]
[Round "5"]
[White "Navara, David"]
[Black "Ding, Liren"]
[Result "1-0"]
[WhiteElo "2739"]
[BlackElo "2812"]
[PlyCount "89"]
[EventDate "2019.03.31"]

1. d4 Nf6 2. Nf3 d5 3. c4 e6 4. Nc3 c6 5. e3 Nbd7 6. Bd3 dxc4 7. Bxc4 b5 8. Bd3
a6 9. e4 c5 10. e5 cxd4 11. Nxb5 axb5 12. exf6 gxf6 13. O-O Qb6 14. Qe2 b4 15.
Bf4 h5 16. Rfc1 Bc5 17. a4 bxa3 18. bxa3 Ba6 19. Rab1 Bxd3 20. Qxd3 Rxa3 21.
Qxa3 Bxa3 22. Rxb6 Bxc1 23. Rc6 Bxf4 24. Rc8+ Ke7 25. Rxh8 d3 26. Kf1 Nc5 27.
Rxh5 Ne4 28. Rh4 e5 29. g3 d2 30. Nxd2 Nxd2+ 31. Ke2 Bg5 32. Rb4 e4 33. Rd4 Nb3
34. Rxe4+ Kd6 35. h4 Bh6 36. h5 Kd7 37. Rb4 Nc1+ 38. Kf3 Ke6 39. Rb6+ Kf5 40.
Rb5+ Ke6 41. Ke4 Ne2 42. Rb6+ Ke7 43. Kd3 Nc1+ 44. Kc4 Ne2 45. Rb1 1-0

[Event "Dubai Open 2019"]
[Site "Dubai UAE"]
[Date "2019.04.01"]
[Round "1"]
[White "Blagojevic, Tijana"]
[Black "Le, Quang Liem"]
[Result "0-1"]
[WhiteElo "2206"]
[BlackElo "2715"]
[PlyCount "56"]
[EventDate "2019.04.01"]

1. e4 c5 2. Nf3 Nc6 3. Bb5 g6 4. O-O Bg7 5. Re1 e5 6. Bxc6 dxc6 7. d3 Qe7 8.
Nbd2 Nh6 9. Nc4 f6 10. a3 Be6 11. Qe2 O-O 12. b4 Nf7 13. Bd2 Rfd8 14. bxc5 Qxc5
15. Be3 Qe7 16. Nfd2 f5 17. f3 f4 18. Bf2 h5 19. Nb3 g5 20. d4 exd4 21. e5 c5
22. a4 Rd5 23. Qd3 Qd7 24. Nbd2 Re8 25. Qg6 Bf5 26. Qxh5 Re6 27. Nd6 Rdxd6 28.
exd6 Rh6 0-1

[Event "Dubai Open 2019"]
[Site "Dubai UAE"]
[Date "2019.04.02"]
[Round "2"]
[White "Le, Quang Liem"]
[Black "Haug, Johannes"]
[Result "1/2-1/2"]
[WhiteElo "2715"]
[BlackElo "2406"]
[PlyCount "69"]
[EventDate "2019.04.01"]

1. e4 e6 2. d4 d5 3. Nc3 Bb4 4. e5 c5 5. a3 Ba5 6. b4 cxd4 7. Qg4 Kf8 8. Nb5
Bb6 9. Nf3 Nc6 10. Bb2 Nge7 11. Nbxd4 h5 12. Qf4 Ng6 13. Nxc6 bxc6 14. Qg3 a5
15. Bd3 Ne7 16. O-O Ba6 17. Qf4 Bxd3 18. cxd3 axb4 19. axb4 Nf5 20. Rxa8 Qxa8
21. Ra1 Qb7 22. g3 g6 23. Nh4 Nxh4 24. Qxh4 Kg7 25. Qf6+ Kh7 26. Bc1 Rb8 27.
Bd2 Bd8 28. Qf3 Kg8 29. Qe3 Ra8 30. Rxa8 Qxa8 31. Qc5 Qb7 32. b5 cxb5 33. Bb4
Bg5 34. Qf8+ Kh7 35. d4 1/2-1/2

[Event "Dubai Open 2019"]
[Site "Dubai UAE"]
[Date "2019.04.03"]
[Round "3"]
[White "Shyaamnikhil, P."]
[Black "Le, Quang Liem"]
[Result "0-1"]
[WhiteElo "2429"]
[BlackElo "2715"]
[PlyCount "80"]
[EventDate "2019.04.01"]

1. g3 c5 2. Bg2 g6 3. c3 Bg7 4. d4 cxd4 5. cxd4 d5 6. Nc3 e6 7. e3 Ne7 8. Nge2
Nbc6 9. O-O b6 10. b3 O-O 11. Ba3 a5 12. Qd2 Ba6 13. Rfc1 Qb8 14. Nf4 Rd8 15.
Rab1 Nf5 16. Qe1 Qb7 17. Na4 Rac8 18. Rb2 Bb5 19. Rbc2 Bxa4 20. bxa4 Bf8 21.
Bxf8 Kxf8 22. a3 Nce7 23. Bf1 Nd6 24. Bd3 Qd7 25. Rxc8 Rxc8 26. Rxc8+ Nexc8 27.
Qd1 Qc6 28. Qb3 Nc4 29. Bxc4 dxc4 30. Qc2 b5 31. axb5 Qxb5 32. Ne2 a4 33. Nc3
Qb3 34. Qc1 Nd6 35. d5 exd5 36. Nxd5 Ne4 37. f3 Ng5 38. Nc3 Nxf3+ 39. Kg2 Ne5
40. e4 Kg7 0-1

[Event "Dubai Open 2019"]
[Site "Dubai UAE"]
[Date "2019.04.04"]
[Round "4"]
[White "Le, Quang Liem"]
[Black "Vishnu Prasanna, V."]
[Result "1-0"]
[WhiteElo "2715"]
[BlackElo "2524"]
[PlyCount "93"]
[EventDate "2019.04.01"]

1. e4 e5 2. Nf3 Nc6 3. Bb5 a6 4. Ba4 Nf6 5. O-O Be7 6. Re1 b5 7. Bb3 d6 8. c3
O-O 9. h3 Bb7 10. d4 Re8 11. Nbd2 Bf8 12. d5 Nb8 13. Nf1 Nbd7 14. N3h2 Nc5 15.
Bc2 c6 16. b4 Ncd7 17. dxc6 Bxc6 18. Bg5 h6 19. Bxf6 Nxf6 20. Ng4 Nxg4 21. Qxg4
Qc7 22. Bb3 Bd7 23. Qf3 Be6 24. Rac1 Be7 25. Rc2 Bg5 26. Rd1 a5 27. Qd3 Bxb3
28. axb3 a4 29. bxa4 bxa4 30. Ra2 Rec8 31. Ra3 Qc4 32. Qf3 Qe6 33. Rda1 Ra7 34.
Kh2 g6 35. Ne3 Bf4+ 36. Kg1 Bxe3 37. Qxe3 Rac7 38. Qxh6 Rc4 39. Rxa4 Rxc3 40.
Ra8 R3c4 41. b5 Rxe4 42. b6 Rb4 43. R1a4 Rxa4 44. Rxa4 e4 45. Qe3 Rb8 46. Rxe4
Qc8 47. Qd4 1-0

[Event "Gashimov Memorial 2019"]
[Site "Shamkir AZE"]
[Date "2019.04.06"]
[Round "6"]
[White "Giri, Anish"]
[Black "Navara, David"]
[Result "1/2-1/2"]
[WhiteElo "2797"]
[BlackElo "2739"]
[PlyCount "51"]
[EventDate "2019.03.31"]

1. d4 Nf6 2. c4 e6 3. Nf3 d5 4. Nc3 Bb4 5. cxd5 exd5 6. Bg5 h6 7. Bh4 O-O 8. e3
Bf5 9. Be2 Nbd7 10. Qb3 Ba5 11. O-O c6 12. Ne5 Qb6 13. Nxd7 Nxd7 14. Rfc1 Qxb3
15. axb3 Bb4 16. Na2 Bd6 17. Bg3 Be7 18. Bc7 a5 19. Nc3 Rfe8 20. Na4 Bb4 21.
Nb6 Nxb6 22. Bxb6 Bd2 23. Rd1 Bb4 24. Rdc1 Bd2 25. Rd1 Bb4 26. Rdc1 1/2-1/2

[Event "Gashimov Memorial 2019"]
[Site "Shamkir AZE"]
[Date "2019.04.06"]
[Round "6"]
[White "Grischuk, Alexander"]
[Black "Radjabov, Teimour"]
[Result "1/2-1/2"]
[WhiteElo "2771"]
[BlackElo "2756"]
[PlyCount "79"]
[EventDate "2019.03.31"]

1. d4 d5 2. c4 dxc4 3. e4 e5 4. Nf3 exd4 5. Bxc4 Nc6 6. O-O Be6 7. Nbd2 Qf6 8.
a3 Nge7 9. b4 Ng6 10. Bb5 Be7 11. Nc4 Bxc4 12. Bxc4 O-O 13. Bd5 Rad8 14. Bd2
Rd7 15. Qa4 Nf4 16. Bxf4 Qxf4 17. Bxc6 bxc6 18. Qxc6 Rfd8 19. Rfd1 d3 20. Rac1
h5 21. Rc4 g5 22. h3 g4 23. e5 Qf5 24. hxg4 hxg4 25. Nd2 Rd5 26. Nf1 Rxe5 27.
Ne3 Qh5 28. Rxg4+ Kf8 29. Qf3 Bg5 30. Rd4 Qxf3 31. Rxd8+ Bxd8 32. gxf3 a5 33.
Rxd3 Be7 34. bxa5 Rxa5 35. Nc4 Ra4 36. Rc3 Bf6 37. Rc2 Be7 38. Rc3 Bf6 39. Rc2
Be7 40. Rc3 1/2-1/2

[Event "Gashimov Memorial 2019"]
[Site "Shamkir AZE"]
[Date "2019.04.06"]
[Round "6"]
[White "Ding, Liren"]
[Black "Carlsen, Magnus"]
[Result "1/2-1/2"]
[WhiteElo "2812"]
[BlackElo "2845"]
[PlyCount "78"]
[EventDate "2019.03.31"]

1. d4 Nf6 2. c4 g6 3. g3 c6 4. Bg2 d5 5. cxd5 cxd5 6. Nf3 Bg7 7. Ne5 O-O 8. Nc3
Bf5 9. O-O Ne4 10. Bf4 Nxc3 11. bxc3 Nc6 12. Nxc6 bxc6 13. Qa4 e6 14. Qxc6 Rc8
15. Qa4 Rxc3 16. Rfc1 Rxc1+ 17. Rxc1 Qb6 18. e3 Qb2 19. Qd1 h5 20. a4 Bg4 21.
Qe1 Be2 22. Bf1 Bxf1 23. Kxf1 Re8 24. Qc3 Qxc3 25. Rxc3 e5 26. dxe5 Bxe5 27.
Rd3 Bxf4 28. gxf4 Rd8 29. a5 Kf8 30. Ke2 Ke7 31. Rb3 Kd6 32. Kd3 Rd7 33. h4 Rc7
34. Rb8 Rc5 35. Rb7 Rxa5 36. Rxf7 Ra3+ 37. Kd4 Ra4+ 38. Kd3 Ra3+ 39. Kd4 Ra4+
1/2-1/2

[Event "Gashimov Memorial 2019"]
[Site "Shamkir AZE"]
[Date "2019.04.06"]
[Round "6"]
[White "Karjakin, Sergey"]
[Black "Anand, Viswanathan"]
[Result "1-0"]
[WhiteElo "2753"]
[BlackElo "2779"]
[PlyCount "103"]
[EventDate "2019.03.31"]

1. d4 Nf6 2. c4 e6 3. Nf3 d5 4. Nc3 Be7 5. Bf4 O-O 6. e3 c5 7. dxc5 Bxc5 8. Qc2
Nc6 9. Rd1 Qa5 10. a3 Rd8 11. Nd2 d4 12. Nb3 Qb6 13. Na4 Bb4+ 14. axb4 Qxb4+
15. Nd2 e5 16. Bg5 Qa5 17. Qb3 Nb4 18. Bxf6 gxf6 19. Be2 Bd7 20. Ra1 dxe3 21.
fxe3 b5 22. O-O bxa4 23. Qc3 f5 24. Nf3 f6 25. Nh4 Nc6 26. Qa3 e4 27. Bd1 Ne5
28. Bxa4 Qxa4 29. Qxa4 Bxa4 30. Rxa4 f4 31. c5 fxe3 32. Rxe4 Rab8 33. Rxe3 Rxb2
34. h3 Rc2 35. Rxf6 Rxc5 36. Ra6 Nc6 37. Nf3 Rc8 38. Re6 Rc7 39. Kh2 Kg7 40.
Ra4 h5 41. Ra6 Ne7 42. Nd4 Nf5 43. Ne2 Rc4 44. Rg6+ Kf8 45. Rg5 Ng7 46. Rf6+
Rf7 47. Rh6 Ke7 48. Ra5 Ke8 49. Rh8+ Rf8 50. Rh7 Rf7 51. Re5+ Kd8 52. Rexh5 1-0

[Event "Gashimov Memorial 2019"]
[Site "Shamkir AZE"]
[Date "2019.04.06"]
[Round "6"]
[White "Topalov, Veselin"]
[Black "Mamedyarov, Shakhriyar"]
[Result "1-0"]
[WhiteElo "2740"]
[BlackElo "2790"]
[PlyCount "65"]
[EventDate "2019.03.31"]

1. e4 e5 2. Nf3 Nc6 3. Bb5 a6 4. Ba4 Nf6 5. O-O Be7 6. Re1 b5 7. Bb3 d6 8. c3
O-O 9. h3 Bb7 10. d4 Re8 11. Ng5 Rf8 12. Nf3 Re8 13. Nbd2 Bf8 14. a3 g6 15. Ba2
Bg7 16. b4 exd4 17. cxd4 a5 18. Rb1 axb4 19. d5 Ne5 20. Nxe5 dxe5 21. Rxb4 c6
22. dxc6 Bxc6 23. Qf3 Bf8 24. Rb1 Ra4 25. Nf1 Rxe4 26. Rd1 Qe7 27. Bg5 Bg7 28.
Ne3 Qxa3 29. Ra1 Qc5 30. Rdc1 Rc4 31. Qd1 Ne4 32. Bxc4 bxc4 33. Rxc4 1-0

[Event "Gashimov Memorial 2019"]
[Site "Shamkir AZE"]
[Date "2019.04.07"]
[Round "7"]
[White "Mamedyarov, Shakhriyar"]
[Black "Ding, Liren"]
[Result "1/2-1/2"]
[WhiteElo "2790"]
[BlackElo "2812"]
[PlyCount "108"]
[EventDate "2019.03.31"]

1. d4 Nf6 2. c4 e6 3. Nf3 d5 4. Bg5 dxc4 5. Qa4+ Nbd7 6. e4 Be7 7. Nc3 O-O 8.
Bxc4 Nb6 9. Qb3 Nxc4 10. Qxc4 a6 11. O-O b5 12. Qe2 Bb7 13. Bxf6 Bxf6 14. Rfd1
Qe8 15. Qe3 e5 16. dxe5 Bxe5 17. Nxe5 Qxe5 18. f3 Rad8 19. Rxd8 Rxd8 20. Rd1
Rxd1+ 21. Nxd1 h6 22. Qc3 Qxc3 23. Nxc3 c5 24. a3 Kf8 25. b4 Ke7 26. Kf2 Kd6
27. Ke3 Bc8 28. f4 Be6 29. e5+ Kc6 30. h3 h5 31. Ne4 cxb4 32. axb4 Kd5 33. Nd6
h4 34. Ne8 g6 35. Nc7+ Kc4 36. Nxe6 fxe6 37. g4 hxg3 38. h4 Kd5 39. Kf3 Kc6 40.
Kxg3 a5 41. bxa5 b4 42. h5 gxh5 43. f5 b3 44. f6 b2 45. f7 b1=Q 46. f8=Q Qg1+
47. Kh3 Qg4+ 48. Kh2 Qe2+ 49. Kh3 Qxe5 50. Qb4 Qb5 51. Qe4+ Qd5 52. Qb4 Qb5 53.
Qe4+ Qd5 54. Qb4 Qb5 1/2-1/2

[Event "Gashimov Memorial 2019"]
[Site "Shamkir AZE"]
[Date "2019.04.07"]
[Round "7"]
[White "Navara, David"]
[Black "Karjakin, Sergey"]
[Result "1/2-1/2"]
[WhiteElo "2739"]
[BlackElo "2753"]
[PlyCount "80"]
[EventDate "2019.03.31"]

1. c4 Nf6 2. Nf3 e6 3. g3 d5 4. Bg2 dxc4 5. Qa4+ Nbd7 6. Qxc4 a6 7. Qb3 Rb8 8.
d4 b5 9. Ne5 Nxe5 10. dxe5 Nd7 11. O-O c5 12. a4 Be7 13. axb5 O-O 14. Rd1 Qc7
15. Nc3 axb5 16. Nxb5 Qb6 17. Qa4 Nxe5 18. Bf4 Bf6 19. Nc3 Bb7 20. Bxb7 Qxb7
21. Ne4 Qxb2 22. Ra2 Qb4 23. Qxb4 cxb4 24. Ra5 Nc4 25. Bxb8 Nxa5 26. Bd6 Rd8
27. Rb1 Nc6 28. Rc1 Nd4 29. Kf1 b3 30. Rb1 Nf5 31. Nxf6+ gxf6 32. Bb4 Rb8 33.
Rxb3 h5 34. Rb2 Kg7 35. Bc3 Rc8 36. Rb3 Rc4 37. Kg2 Nd4 38. Bxd4 Rxd4 39. e3
Ra4 40. Rb5 f5 1/2-1/2